000 00360nam a2200133Ia 4500
008 240624s9999 xx 000 0 und d
041 _aeng
082 _a332.63 ALL
100 _aALLMAN KEITH A
245 _aCORPORATE VALUATION MODELING A STEP BY S
260 _c2010
_aNew Jersey
_bJohn Wiley and Sons
300 _axi, : 275 : p. : cm. ; 23
365 _c
_b30
999 _c14885
_d14885